• 首页
  • 本馆介绍
  • 公告通知
  • 最新文献
  • 馆藏检索
  • 电子资源
  • 读者导购
  • 参考咨询
  • 我的图书馆
  • 登录
  • 详细信息显示
  • 放入我的书架
  • 预约/预借图书
  • 作者相关作品
  • 分类相关作品
  • 丛书相关作品
  • 出版社相关作品

书目信息

  • 表格格式
  • 工作单格式
  • 卡片格式
题名:
实用板金工展开手册
    
 
作者: 唐顺钦 著
分册: 下册  
出版信息: 北京   冶金工业出版社  1979
页数: 389-928页
开本: 20cm
丛书名:
单 册:
中图分类: T-62
科图分类:
主题词: 工程技术人员--手册 , 工程技术手册 , 板金工--手册
电子资源:
ISBN:
000 00737nam0 2200253 45
001 0179005309
005 20060815153116.59
010    @dCNY1.70
091    @a15062.3479
100    @a19950731d1979 em y0chiy0121 ea
101 0  @achi
102    @aCN@b110000
105    @ay z 000yy
200 10 @a实用板金工展开手册@Ashi yong ban jin gong zhan kai shou ce@h下册@f唐顺钦著@Ftang shun qin zhu
210    @a北京@c冶金工业出版社@d1979
215    @a389-928页@d20cm
517 1  @a板金工展开手册@Aban jin gong zhan kai shou ce
606 0  @a工程技术人员@x手册
606 0  @a工程技术手册
606    @a板金工@x手册
690    @aT-62@v3
701  0 @a唐顺钦@Atang shun qin@4著
801  0 @aCN@bNLC@c20060815
905    @dT-62@e10:2@f1@b20345
    
    实用板金工展开手册.下册/唐顺钦著.-北京:冶金工业出版社,1979
    389-928页;20cm
    
    
    ISBN :CNY1.70
    
●
相关链接 在E读中查询图书 在五车中查询图书 在当当中查询图书 在豆瓣中查询图书


正题名:实用板金工展开手册     索取号:T-62/10:2         预约/预借

序号 登录号 条形码 馆藏地/架位号 状态 备注
1 0020344   202307280   密集书库/ [索取号:T-62/10:2] 在馆    
2 0020345   000882334   第三借阅区/ [索取号:T-62/10:2] 在馆    
3 0437618   204376184   密集书库/ [索取号:T-62/10:2] 在馆    
4 0458563   204585635   密集书库/ [索取号:T-62/10:2] 在馆    
唐山师范学院图书馆 欢迎您!
大连网信软件有限公司© 版权所有